| 000 | 00947nam a2200265 i 4500 | ||
|---|---|---|---|
| 001 | bg | ||
| 100 | 1 |
_aSzpunar, Adam _d(1913-2002) |
|
| 245 | 1 | 0 |
_aKomentarz do prawa wekslowego i czekowego / _cAdam Szpunar, Maciej Kaliński. |
| 250 | _aWyd. 4 zm., stan prawny na 1 października 2003 roku. | ||
| 260 |
_aWarszawa : _bWydaw. Prawnicze "LexisNexis", _c2003. |
||
| 300 |
_a395, [1] s. ; _c25 cm. |
||
| 500 | _aAut. wyd. poprz.: Adam Szpunar. | ||
| 504 | _aBibliogr. Indeksy. | ||
| 650 | 9 |
_aCzek _xprawo _zPolska _ystan na 2003 r. |
|
| 650 | 9 |
_aWeksle _xprawo _zPolska _ystan na 2003 r. |
|
| 700 | 1 | _aKALIŃSKI, Maciej | |
| 020 | _a8373342613 | ||
| 040 | _cBPK | ||
| 041 | 0 | _apol | |
| 080 | _a347.745/.746+347.748](438)(094.5.07) | ||
| 920 | _a83-7334-261-3 | ||
| 942 | _cKS | ||
| 008 | s pl f |000 0 pol | ||
| 999 |
_c44149 _d44149 |
||
| 856 |
_uhttp://koha.tu.koszalin.pl/cgi-bin/koha/opac-detail.pl?biblionumber=44149 _yKatalog online BPK |
||